[Event "Hamar op B"]
[Site "Hamar"]
[Date "2002.10.17"]
[Round "4"]
[White "Feragen, Erik"]
[Black "Komel, Josip"]
[Result "0-1"]
[WhiteElo "1406"]
[BlackElo "1369"]
[PlyCount "62"]
[EventDate "2002.09.05"]
[EventType "swiss"]
[EventRounds "7"]
[EventCountry "NOR"]
[SourceTitle "EXT 2024"]
[Source "ChessBase"]
[SourceDate "2023.10.10"]
[SourceVersion "1"]
[SourceVersionDate "2023.10.10"]
[SourceQuality "1"]

1. d4 g6 2. c4 Bg7 3. Nf3 d6 4. g3 Nc6 5. Bg2 Bg4 6. e3 Nf6 7. Nc3 a6 8. Qc2 0-0 9. 0-0 Qc8 10. Re1 Bh3 11. b3 Bxg2 12. Kxg2 e6 13. Ba3 Re8 14. Rad1 Ne7 15. e4 Ng4 16. h3 Nh6 17. e5 dxe5 18. Nxe5 Nhf5 19. Nf3 c6 20. Na4 Qc7 21. Bc5 Nc8 22. d5 cxd5 23. Rxd5 Qc6 24. Qd3 exd5 25. cxd5 Qd7 26. Rxe8+ Qxe8 27. d6 Qd7 28. Nd2 Nfxd6 29. Kg1 b5 30. Nb6 Nxb6 31. Bxb6 Qc6 0-1

[Event "Hamar op B"]
[Site "Hamar"]
[Date "2002.09.19"]
[Round "2"]
[White "Komel, Josip"]
[Black "Moen, Leif Magne"]
[Result "1-0"]
[WhiteElo "1369"]
[BlackElo "995"]
[PlyCount "81"]
[EventDate "2002.09.05"]
[EventType "swiss"]
[EventRounds "7"]
[EventCountry "NOR"]
[SourceTitle "EXT 2024"]
[Source "ChessBase"]
[SourceDate "2023.10.10"]
[SourceVersion "1"]
[SourceVersionDate "2023.10.10"]
[SourceQuality "1"]

1. e4 c5 2. Nf3 e6 3. d4 cxd4 4. Nxd4 Bc5 5. c3 Ne7 6. Be3 e5 7. Nc2 Bxe3 8. Nxe3 Nbc6 9. Bc4 0-0 10. 0-0 Qb6 11. b3 Rd8 12. Qf3 Rf8 13. Rd1 Na5 14. Qh5 Nxc4 15. Nxc4 Qf6 16. Qxe5 Qxe5 17. Nxe5 Rd8 18. Rd6 f6 19. Nc4 Re8 20. f3 b5 21. Ne3 f5 22. Nd2 f4 23. Ng4 Nc6 24. Rd1 Ne5 25. Nxe5 Rxe5 26. Nb1 Rb8 27. Na3 b4 28. cxb4 Rxb4 29. Rc1 Re8 30. Nc4 Kf7 31. Rd5 Kg8 32. Nd6 Bb7 33. Nxe8 Bxd5 34. exd5 Rd4 35. Nc7 Rd2 36. a4 Rb2 37. Nb5 Rxb3 38. Nxa7 Rd3 39. Nc8 d6 40. Nxd6 Rxd5 41. Rc8# 1-0